Central Library OPAC University of Rajshahi

Introduction to the theory of quantized fields (Record no. 52451)

MARC details
000 -LEADER
fixed length control field 01079nam a2200289 a 4500
001 - CONTROL NUMBER
control field 52451
003 - CONTROL NUMBER IDENTIFIER
rucl marc code BD-RjUL
005 - DATE AND TIME OF LATEST TRANSACTION
control field 20211209075816.0
008 - FIXED-LENGTH DATA ELEMENTS--GENERAL INFORMATION
fixed length control field 160920s1959 enka b 001 0 eng
035 ## - SYSTEM CONTROL NUMBER
System control number (BD-RjUL)52571
040 ## - CATALOGING SOURCE
Original cataloging agency DLC/ICU
Transcribing agency ICU
Modifying agency DLC
-- BD-RjUL
Language of cataloging eng
041 1# - LANGUAGE CODE
Language code of text/sound track or separate title engrus
082 00 - DEWEY DECIMAL CLASSIFICATION NUMBER
Classification number 530.143
Edition number 23
Author mark and year BOI 1959
100 1# - MAIN ENTRY--PERSONAL NAME
Personal name Bogoli︠u︡bov, N. N.
Fuller form of name (Nikolaĭ Nikolaevich),
Dates associated with a name 1909-1992.
9 (RLIN) 156905
245 10 - TITLE STATEMENT
Title Introduction to the theory of quantized fields
Statement of responsibility, etc. [by] N.N. Bogoliubov [and] D.V. Shirkov.
250 ## - EDITION STATEMENT
Edition statement Authorized English ed.,
260 ## - PUBLICATION, DISTRIBUTION, ETC. (IMPRINT)
Place of publication, distribution, etc. New York :
Name of publisher, distributor, etc. Interscience Publishers,
Date of publication, distribution, etc. 1959.
300 ## - PHYSICAL DESCRIPTION
Pagination xiv, 720 p.
Illustrations ill. ;
Size 24 cm.
490 1# - SERIES STATEMENT
Series statement Interscience monographs in physics and astronomy,
Volume/sequential designation v. 3
500 ## - GENERAL NOTE
General note Includes index
650 #0 - SUBJECT ADDED ENTRY--TOPICAL TERM
Topical term or geographic name as entry element Quantum field theory.
9 (RLIN) 118408
700 1# - ADDED ENTRY--PERSONAL NAME
Personal name Shirkov, D. V.
Fuller form of name (Dmitriĭ Vasilʹevich),
Relator term joint author.
830 #0 - SERIES ADDED ENTRY--UNIFORM TITLE
Uniform title Interscience monographs in physics and astronomy ;
Volume number/sequential designation v. 3.
942 ## - ADDED ENTRY ELEMENTS (KOHA)
Source of classification or shelving scheme Dewey Decimal Classification
Koha item type Books
Holdings
Lost status Source of classification or shelving scheme Damaged status Not for loan Collection code Permanent Location Current Location Shelving location Date acquired Source of acquisition Cost, normal purchase price Total Checkouts Full call number Date last seen Copy number Koha item type
  Dewey Decimal Classification     Non-fiction Central Library, University of Rajshahi Central Library, University of Rajshahi   18/04/1964 U.S.Govt. 17.00   530.143 BOI 1959 20/09/2016 C-2 Books
  Dewey Decimal Classification     Non-fiction Central Library, University of Rajshahi Central Library, University of Rajshahi   18/04/1964 Zeitlinger 128.00   530.143 BOI 1959 20/09/2016 C-3 Books
  Dewey Decimal Classification   Not For Loan Non-fiction Central Library, University of Rajshahi Central Library, University of Rajshahi Reading Room 26/06/1963 Zeitlinger 128.00   530.143 BOI 1959 12/04/2017 C-1 Books